Efektivnost projektové výuky fyziky na Soukromém gymnáziu, střední odborné škole a jazykové škole s právem státní jazykové zkoušky, s.r.o., Kunovice, Česká republika = Effectiveness of teaching physics project on private school, secondary technical school and language school with the state language examination, Ltd., Kunovice, Czech Republic : Doktorandská dizertační práce na získání vědecko-akademické hodnosti philosophiae doctor

Enregistré dans:
Détails bibliographiques
Auteur principal: Prachař, Jan (Auteur)
Autres auteurs: Turek, I. (Directeur de thèse)
Format: Manuscrit Livre
Langue:tchèque
Publié: Trnava : STU v Bratislave MTF UIPH, 2010
Sujets:
Tags: Ajouter un tag
Pas de tags, Soyez le premier à ajouter un tag!

MARC

LEADER 00000ntm a22000003a 4500
001 stu220369
005 20160719160424.0
008 110124s2010----xo------------------cze-d
040 |a STU  |b slo 
041 0 |a cze 
044 |a xo 
100 1 |a Prachař, Jan  |4 aut 
245 1 |a Efektivnost projektové výuky fyziky na Soukromém gymnáziu, střední odborné škole a jazykové škole s právem státní jazykové zkoušky, s.r.o., Kunovice, Česká republika = Effectiveness of teaching physics project on private school, secondary technical school and language school with the state language examination, Ltd., Kunovice, Czech Republic :  |b Doktorandská dizertační práce na získání vědecko-akademické hodnosti philosophiae doctor 
260 |a Trnava :  |b STU v Bratislave MTF UIPH,  |c 2010 
300 |a 120 s  |c príl 
500 |a Specializace: Didaktika technických profesních předmětů 
500 |a Vědný odbor: 1.1.10 Odborová didaktika 
650 7 |a projektová metóda  |2 stusub 
650 7 |a projektová výučba  |2 stusub 
700 1 |a Turek, I.  |4 ths 
996 |b 284M079099  |c M*DzP-147  |l MMSKP  |s P  |a 0  |w stu220369_0001